Geografia krajów Kaukazu od A do Z - Statystyki

Ogólne statystyki
  • Ten quiz został rozwiązany 41 razy
  • Średni wynik to 12 z 22
Statystyki odpowiedzi
Litera Pytanie Odpowiedź % Poprawnych
C Jaką nazwę nosi morze nad którym znajduje się miasto z poprzedniego pytania? Czarne
97%
A Jaką nazwę nosi separatystyczny region w północno-zachodniej Gruzji? Abchazja
94%
E Które miasto jest stolicą Armenii? Erywań
89%
R Jaki kraj w 2008 roku dokonał zbrojnej inwazji na Gruzję? Rosja
86%
I Z jakim krajem Armenia graniczy od południa? Iran
83%
T Które miasto jest stolicą Gruzji? Tbilisi
83%
B Który gruziński kurort morski na zachodzie Gruzji był wspomniany w jednej w piosenek o tym samym tytule, polskiego zespołu Filipinki? Batumi
80%
O Jaką nazwę nosi region separatystyczny w północnej Gruzji? Osetia Południowa
80%
Z Od jakiego państwa Armenia, Gruzja i Azerbejdżan ogłosiły niepodległość w 1991? Związek Radziecki
80%
F Z hodowli jakiego owocu słynie zarówno Armenia jak i Gruzja? Figa
77%
P Flaga Armenii składa się z trzech poziomych pasów, czerwonego, niebieskiego i? Pomarańczowy
69%
M Jaką nazwę nosi akwen wodny nad którym położona jest stolica Azerbejdżanu? Morze kaspijskie
63%
W Tradycja produkcji jakiego produktu spożywczego na terenie Gruzji sięga przeszło 8000 lat? Wino
63%
J Postać którego świętego znajduje się w gruzińskim herbie? Jerzy
60%
G Jaką nazwę nosiła istniejąca do 2023 nieuznawana ormiańska republika na terenie dzisiejszego Azerbejdżanu? Górski Karabach
51%
L Jaką nazwę nosi gruzińska waluta? Lari
26%
K Jaką nazwę nosi najwyższy szczyt Gruzji, jedna z najwyższych gór Kaukazu? Kazbek
14%
D Jaką nazwę nosi armeńska waluta? Dram
11%
S Jaką nazwę nosi największe jezioro Armenii? Sewan
11%
N Jaką nazwę nosi autonomiczny region będący eksklawą Azerbejdżanu znajdujący się między Turcją i Armenią? Nachiczewańska Republika Autonomiczna
6%
H Jaką nazwę nosi wpisany na listę dziedzictwa narodowego UNESCO dziesięciowieczny klasztor ormiański? Haghpat
0%
U Jaką nazwę nosi starożytne skalne miasto nad rzeką Kura na terytorium Gruzji? Uplisciche
0%
Nie znaleziono quizów pasujących do podanych kryteriów
Rozkład punktacji
Procent ludzi z każdym wynikiem
Percentyl według liczby udzielonych odpowiedzi
Twoja historia wyników
Nie rozwiązałeś tego quizu